00957nam a2200193 a 450000100100000000500170001000800410002710000540006824502700012226000500039230000410044250000420048350000420052550500240056770000300059195201120062199900170073304000130075000002465720200930023307.0100127s1891 dr 000 0 spa d1 aClaus, Carl Friedrich Wilhelm,d1835-1899.95057110aHistoria natural /cZoología, por el doctor C. Claus ; traducida de la última edición alemana por el doctor Don Luis de Góngora y ampliada en la parte descriptiva de los diversos animales con presencia de las obras de los más notables zoólogos modernos. aBarcelona :bMontaner y Simón, 1891,c1891. av., h. de lám.) :b: il. ;c25 cm. aNovísima ed. profusamente ilustrada aIncluye notas al pie de las páginas2 gv. II :tZoología0 aGóngora, Luis de950572 0010537-1aGRbGRcOId2012-10-11iLF1l0o p24657-40r2020-06-25w2020-06-25y3ZPréstamo restringido c24150d24150 aDO-SdBNP